[Event "MCR_O181"]
[Site "?"]
[Date "2003.??.??"]
[Round "?"]
[White "Cvak, Rudolf"]
[Black "Martin, Petr"]
[Result "1-0"]
[WhiteElo "1800"]
[BlackElo "2000"]
[PlyCount "41"]
[EventDate "2003.??.??"]
[EventType "corr"]
[EventRounds "2"]
[SourceDate "2005.03.12"]

1. e4 e5 2. Nf3 Nc6 3. Bb5 Nd4 4. Nxd4 exd4 5. O-O c6 6. Ba4 d6 7. d3 Nf6 8. c4
Be7 9. b4 O-O 10. Bb2 c5 11. Nd2 Ng4 12. Rb1 Ne5 13. Qb3 f5 14. f4 Ng4 15. bxc5
fxe4 16. cxd6 Bxd6 17. c5+ Kh8 18. cxd6 e3 19. Ne4 Bf5 20. Bxd4 Qh4 21. h3 1-0

[Event "MCR_O181"]
[Site "?"]
[Date "2003.??.??"]
[Round "?"]
[White "Macek, Ludvik"]
[Black "Martin, Petr"]
[Result "1-0"]
[WhiteElo "1887"]
[BlackElo "2000"]
[PlyCount "55"]
[EventDate "2003.??.??"]
[EventType "corr"]
[EventRounds "2"]
[SourceDate "2005.03.12"]

1. d4 Nf6 2. c4 g6 3. Nc3 Bg7 4. e4 d6 5. Nf3 O-O 6. Be2 Nbd7 7. O-O e5 8. Re1
exd4 9. Nxd4 Nc5 10. f3 Nh5 11. Be3 Be5 12. b4 Qh4 13. f4 Nxf4 14. g3 Qg5 15.
Bxf4 Bxf4 16. Nf3 Be3+ 17. Kh1 Qh5 18. bxc5 Bh3 19. Nd5 Qh6 20. Nxe3 Qxe3 21.
Bf1 Qh6 22. cxd6 cxd6 23. Qxd6 Bxf1 24. Rxf1 Rfd8 25. Qe7 Qf8 26. Qxb7 Rdb8 27.
Qd7 Rd8 28. Qg4 1-0

[Event "MCR_O181"]
[Site "?"]
[Date "2003.??.??"]
[Round "?"]
[White "Cvak, Rudolf"]
[Black "Farny, Miroslav"]
[Result "1-0"]
[WhiteElo "1800"]
[BlackElo "1800"]
[PlyCount "41"]
[EventDate "2003.??.??"]
[EventType "corr"]
[EventRounds "2"]
[SourceDate "2005.03.12"]

1. e4 e6 2. d4 d5 3. Nc3 dxe4 4. Nxe4 h6 5. Nf3 Nf6 6. Bd3 Nxe4 7. Bxe4 c6 8.
O-O Be7 9. c4 Bg5 10. Bxg5 hxg5 11. Re1 Qf6 12. Qd2 Qh6 13. Qxg5 Qxg5 14. Nxg5
Nd7 15. Rad1 Nf6 16. d5 Nxe4 17. Rxe4 cxd5 18. cxd5 Rh5 19. f4 Rh6 20. dxe6
fxe6 21. f5 1-0

[Event "MCR_O181"]
[Site "?"]
[Date "2003.??.??"]
[Round "?"]
[White "Martin, Petr"]
[Black "Farny, Miroslav"]
[Result "0-1"]
[WhiteElo "2000"]
[BlackElo "1800"]
[PlyCount "42"]
[EventDate "2003.??.??"]
[EventType "corr"]
[EventRounds "2"]
[SourceDate "2005.03.12"]

1. c4 Nf6 2. Nc3 e5 3. Nf3 Nc6 4. e4 Bb4 5. d3 O-O 6. a3 Bc5 7. b4 Bd4 8. Bb2
d6 9. b5 Ng4 10. bxc6 Nxf2 11. Qd2 Nxh1 12. Nxd4 exd4 13. Ne2 Qh4+ 14. g3 Qxh2
15. Qf4 bxc6 16. Bxd4 f6 17. Rb1 c5 18. Bg1 Qh5 19. Bg2 Bg4 20. Nc3 Rab8 21.
Rb5 a6 0-1

[Event "MCR_O181"]
[Site "?"]
[Date "2003.??.??"]
[Round "?"]
[White "Farny, Miroslav"]
[Black "Martin, Petr"]
[Result "1/2-1/2"]
[WhiteElo "1800"]
[BlackElo "2000"]
[PlyCount "53"]
[EventDate "2003.??.??"]
[EventType "corr"]
[EventRounds "2"]
[SourceDate "2005.03.12"]

1. d4 Nf6 2. c4 g6 3. Nc3 Bg7 4. e4 d6 5. Nf3 O-O 6. Be2 e5 7. dxe5 dxe5 8.
Qxd8 Rxd8 9. Bg5 Nbd7 10. Rd1 Rf8 11. Nd5 c6 12. Ne7+ Kh8 13. Be3 Re8 14. Nxc8
Raxc8 15. Ng5 Re7 16. f3 h6 17. Nh3 g5 18. Nf2 Nf8 19. h4 gxh4 20. Rxh4 Kh7 21.
Nd3 b6 22. Kf2 Ng6 23. Rh2 Rd8 24. g4 Red7 25. g5 Ne8 26. Ke1 Ne7 27. c5
1/2-1/2

[Event "MCR_O181"]
[Site "?"]
[Date "2003.??.??"]
[Round "?"]
[White "Lucan, Zdenko"]
[Black "Macek, Ludvik"]
[Result "0-1"]
[WhiteElo "1800"]
[BlackElo "1887"]
[PlyCount "42"]
[EventDate "2003.??.??"]
[EventType "corr"]
[EventRounds "2"]
[SourceDate "2005.03.12"]

1. Nf3 Nf6 2. c4 d6 3. b4 e5 4. d3 Be7 5. e4 O-O 6. Be2 d5 7. c5 dxe4 8. dxe4
Qxd1+ 9. Bxd1 a5 10. Bg5 axb4 11. Bxf6 gxf6 12. Nbd2 Be6 13. Bb3 c6 14. Bxe6
fxe6 15. Nb3 Nd7 16. O-O Nxc5 17. Nxc5 Bxc5 18. Nd2 Bd4 19. Rab1 Rxa2 20. Nb3
c5 21. Nd2 Rxd2 0-1

[Event "MCR_O181"]
[Site "?"]
[Date "2003.??.??"]
[Round "?"]
[White "Cvak, Rudolf"]
[Black "Lucan, Zdenko"]
[Result "1-0"]
[WhiteElo "1800"]
[BlackElo "1800"]
[PlyCount "53"]
[EventDate "2003.??.??"]
[EventType "corr"]
[EventRounds "2"]
[SourceDate "2005.03.12"]

1. e4 d5 2. exd5 Nf6 3. d4 Nxd5 4. c4 Nf6 5. Nf3 Bg4 6. Be2 e6 7. Nc3 g6 8. Be3
Bb4 9. Qa4+ Nc6 10. h3 Bxc3+ 11. bxc3 Bxf3 12. Bxf3 Qd7 13. Bg5 Nh5 14. Rb1 Nd8
15. Qxd7+ Kxd7 16. Bxd8 Rhxd8 17. Rxb7 Rdb8 18. c5 Rxb7 19. c6+ Kd8 20. cxb7
Rb8 21. a4 a5 22. Kd2 Nf6 23. c4 Kd7 24. Rb1 c6 25. Rb6 Kc7 26. Rxc6+ Kxb7 27.
Rxe6+ 1-0

[Event "MCR_O181"]
[Site "?"]
[Date "2003.??.??"]
[Round "?"]
[White "Lucan, Zdenko"]
[Black "Cvak, Rudolf"]
[Result "0-1"]
[WhiteElo "1800"]
[BlackElo "1800"]
[PlyCount "46"]
[EventDate "2003.??.??"]
[EventType "corr"]
[EventRounds "2"]
[SourceDate "2005.03.12"]

1. f4 d5 2. Nf3 Nf6 3. e3 g6 4. b3 Bg7 5. Bb2 O-O 6. g3 c5 7. Bg2 Nc6 8. c3 Bf5
9. d3 e5 10. fxe5 Ng4 11. Bc1 Ncxe5 12. O-O Bxd3 13. Re1 Be4 14. Nxe5 Nxe5 15.
Bxe4 dxe4 16. Kh1 Nd3 17. Kg1 Nxe1 18. Qxe1 f5 19. a4 Qd5 20. c4 Qd3 21. Ra2
Qxb1 22. Re2 Qxb3 23. Qf1 Rfd8 0-1

[Event "MCR_O181"]
[Site "?"]
[Date "2003.??.??"]
[Round "?"]
[White "Farny, Miroslav"]
[Black "Macek, Ludvik"]
[Result "0-1"]
[WhiteElo "1800"]
[BlackElo "1887"]
[PlyCount "52"]
[EventDate "2003.??.??"]
[EventType "corr"]
[EventRounds "2"]
[SourceDate "2005.03.12"]

1. d4 Nf6 2. Nc3 d6 3. e4 g6 4. Be2 Bg7 5. Nf3 O-O 6. O-O c6 7. a4 a5 8. b3 Na6
9. Bxa6 Rxa6 10. h3 e5 11. dxe5 dxe5 12. Qxd8 Rxd8 13. Bb2 Nd7 14. Rad1 Re8 15.
Rfe1 Nf8 16. Ne2 b5 17. axb5 cxb5 18. Ng3 b4 19. Re2 f6 20. Red2 Be6 21. Rd6
Rxd6 22. Rxd6 Rc8 23. Ne1 Bh6 24. Nf1 Rc5 25. Rd1 Kg7 26. Rd3 Kf7 0-1

[Event "MCR_O181"]
[Site "?"]
[Date "2003.??.??"]
[Round "?"]
[White "Macek, Ludvik"]
[Black "Lucan, Zdenko"]
[Result "1-0"]
[WhiteElo "1887"]
[BlackElo "1800"]
[PlyCount "57"]
[EventDate "2003.??.??"]
[EventType "corr"]
[EventRounds "2"]
[SourceDate "2005.03.12"]

1. c4 Nf6 2. Nf3 g6 3. g3 Bg7 4. Bg2 d6 5. Nc3 c6 6. O-O O-O 7. d4 Nbd7 8. e4
e5 9. b3 a6 10. Ba3 Ne8 11. Qd2 exd4 12. Nxd4 Bxd4 13. Qxd4 c5 14. Qe3 Ndf6 15.
Rad1 Nc7 16. Bxc5 Ng4 17. Qd4 dxc5 18. Qxd8 Rxd8 19. Rxd8+ Kg7 20. Bh3 Be6 21.
Rxa8 Nxa8 22. Nd5 h5 23. f3 Ne3 24. Nxe3 Bxh3 25. Rd1 Be6 26. Rd8 Nb6 27. Nd5
Bxd5 28. exd5 f6 29. Rd6 1-0

[Event "MCR_O181"]
[Site "?"]
[Date "2003.??.??"]
[Round "?"]
[White "Macek, Ludvik"]
[Black "Brunclik, Vladimir"]
[Result "1-0"]
[WhiteElo "1887"]
[BlackElo "1962"]
[PlyCount "39"]
[EventDate "2003.??.??"]
[EventType "corr"]
[EventRounds "2"]
[SourceDate "2005.03.12"]

1. c4 c5 2. Nf3 Nf6 3. d4 d5 4. dxc5 e6 5. b4 b6 6. cxd5 Nxd5 7. e4 Nxb4 8.
Qxd8+ Kxd8 9. Na3 Bxc5 10. Bb2 f6 11. Bc4 Ke7 12. O-O Bb7 13. Rfe1 N8c6 14. e5
f5 15. Red1 h6 16. Nh4 Rhd8 17. Nb5 a6 18. Nc7 Nc2 19. Bxe6 N6d4 20. Ng6# 1-0

[Event "MCR_O181"]
[Site "?"]
[Date "2003.??.??"]
[Round "?"]
[White "Hampl, Bohumil"]
[Black "Martin, Petr"]
[Result "1-0"]
[WhiteElo "1931"]
[BlackElo "2000"]
[PlyCount "57"]
[EventDate "2003.??.??"]
[EventType "corr"]
[EventRounds "2"]
[SourceDate "2005.03.12"]

1. e4 e5 2. Nf3 Nc6 3. d4 exd4 4. Bc4 Bb4+ 5. c3 dxc3 6. bxc3 Bc5 7. Bxf7+ Kxf7
8. Qd5+ Ke8 9. Qxc5 Qe7 10. Qxe7+ Ngxe7 11. Na3 a6 12. Nd4 b5 13. Bf4 d6 14.
Nac2 Ng6 15. Bg3 Nce5 16. O-O Bb7 17. f4 Nc4 18. e5 dxe5 19. fxe5 Nf8 20. Rae1
Nd2 21. Rf4 Ng6 22. Rg4 Bd5 23. Nb4 c6 24. Nf5 Rg8 25. Rd4 Nc4 26. Nxd5 cxd5
27. Rxd5 Ra7 28. Rc5 Kd7 29. e6+ 1-0

[Event "MCR_O181"]
[Site "?"]
[Date "2003.??.??"]
[Round "?"]
[White "Martin, Petr"]
[Black "Hampl, Bohumil"]
[Result "0-1"]
[WhiteElo "2000"]
[BlackElo "1931"]
[PlyCount "44"]
[EventDate "2003.??.??"]
[EventType "corr"]
[EventRounds "2"]
[SourceDate "2005.03.12"]

1. c4 Nf6 2. Nc3 g6 3. e4 e5 4. d3 d6 5. f4 exf4 6. Bxf4 Bg7 7. Nf3 O-O 8. Be2
Re8 9. Qd2 b6 10. O-O Nc6 11. Bh6 Bxh6 12. Qxh6 Ng4 13. Qf4 Qf6 14. Qg3 Ne3 15.
Ng5 Nxf1 16. Rxf1 Qd4+ 17. Kh1 Be6 18. Nb5 Qxb2 19. Nxc7 Qxe2 20. Qf4 Ne5 21.
Nxe8 Rxe8 22. Nxe6 Rxe6 0-1

[Event "MCR_O181"]
[Site "?"]
[Date "2003.??.??"]
[Round "?"]
[White "Cvak, Rudolf"]
[Black "Hampl, Bohumil"]
[Result "1-0"]
[WhiteElo "1800"]
[BlackElo "1931"]
[PlyCount "39"]
[EventDate "2003.??.??"]
[EventType "corr"]
[EventRounds "2"]
[SourceDate "2005.03.12"]

1. e4 e5 2. f4 d5 3. exd5 e4 4. d3 Nf6 5. dxe4 Nxe4 6. Nf3 Bc5 7. Qe2 Bf5 8.
Nc3 Qe7 9. Be3 Bxe3 10. Qxe3 Nxc3 11. Qxe7+ Kxe7 12. bxc3 c6 13. Rb1 b6 14. Nd4
Be4 15. dxc6 Nxc6 16. Kf2 Nxd4 17. Re1 Kd7 18. Rxe4 Ne6 19. Bc4 Rad8 20. Rhe1
1-0

[Event "MCR_O181"]
[Site "?"]
[Date "2003.??.??"]
[Round "?"]
[White "Brunclik, Vladimir"]
[Black "Macek, Ludvik"]
[Result "0-1"]
[WhiteElo "1962"]
[BlackElo "1887"]
[PlyCount "56"]
[EventDate "2003.??.??"]
[EventType "corr"]
[EventRounds "2"]
[SourceDate "2005.03.12"]

1. e4 Nc6 2. d4 e6 3. a3 Nf6 4. e5 Nd5 5. c4 Nb6 6. Nf3 d6 7. c5 dxc5 8. Bb5
Bd7 9. Bg5 Be7 10. dxc5 Bxg5 11. cxb6 Nxe5 12. Nxe5 Bxb5 13. Qxd8+ Bxd8 14.
bxa7 Bf6 15. f4 Bxe5 16. fxe5 Ke7 17. Nd2 Rxa7 18. O-O-O Be2 19. Rde1 Bd3 20.
Re3 Rd8 21. Rhe1 Ra5 22. Nf3 Rc5+ 23. Kd1 Bb5+ 24. Nd2 Rcd5 25. R1e2 Bxe2+ 26.
Rxe2 f6 27. exf6+ gxf6 28. Kc2 c5 0-1

[Event "MCR_O181"]
[Site "?"]
[Date "2003.??.??"]
[Round "?"]
[White "Martin, Petr"]
[Black "Lucan, Zdenko"]
[Result "1-0"]
[WhiteElo "2000"]
[BlackElo "1800"]
[PlyCount "71"]
[EventDate "2003.??.??"]
[EventType "corr"]
[EventRounds "2"]
[SourceDate "2005.03.12"]

1. c4 Nf6 2. Nc3 g6 3. e4 Bg7 4. d4 d6 5. Nf3 O-O 6. Bd3 Bg4 7. h3 Bd7 8. O-O
c6 9. Bg5 Na6 10. a3 Nc7 11. Qd2 Ne6 12. Bh6 c5 13. d5 Nd4 14. Nxd4 cxd4 15.
Ne2 Qb6 16. b4 a6 17. Bxg7 Kxg7 18. Qb2 Rfc8 19. Nxd4 e5 20. Nf3 Nh5 21. c5
dxc5 22. Nxe5 Qf6 23. f4 Bb5 24. Bxb5 axb5 25. bxc5 Rxc5 26. Qf2 Rc7 27. g4
Nxf4 28. Qxf4 Qxf4 29. Rxf4 g5 30. Rf5 f6 31. Nd3 Rc3 32. Nb4 Rxh3 33. d6 Rd8
34. Rd1 Rxa3 35. Rxb5 Re3 36. Rxb7+ 1-0

[Event "MCR_O181"]
[Site "?"]
[Date "2003.??.??"]
[Round "?"]
[White "Lucan, Zdenko"]
[Black "Martin, Petr"]
[Result "0-1"]
[WhiteElo "1800"]
[BlackElo "2000"]
[PlyCount "68"]
[EventDate "2003.??.??"]
[EventType "corr"]
[EventRounds "2"]
[SourceDate "2005.03.12"]

1. e4 e5 2. Nf3 Nc6 3. Bb5 Nd4 4. Nxd4 exd4 5. d3 c6 6. Bc4 d6 7. c3 b5 8. Bb3
dxc3 9. Nxc3 Nf6 10. a3 Be7 11. O-O O-O 12. Bc2 a5 13. b3 Ng4 14. h3 Bf6 15.
Bd2 Nh6 16. Qe1 Bd4 17. Rb1 f5 18. Bxh6 gxh6 19. Ne2 Bb6 20. d4 f4 21. f3 Qg5
22. Kh1 Kh8 23. h4 Qf6 24. Rd1 Rg8 25. Rg1 Rg3 26. Rf1 c5 27. Nxg3 Qxh4+ 28.
Kg1 fxg3 29. Rf2 gxf2+ 30. Qxf2 Qxf2+ 31. Kxf2 cxd4 32. Ke2 Be6 33. Kd3 Rc8 34.
Rd2 Rc3+ 0-1

[Event "MCR_O181"]
[Site "?"]
[Date "2003.??.??"]
[Round "?"]
[White "Hampl, Bohumil"]
[Black "Brunclik, Vladimir"]
[Result "1-0"]
[WhiteElo "1931"]
[BlackElo "1962"]
[PlyCount "61"]
[EventDate "2003.??.??"]
[EventType "corr"]
[EventRounds "2"]
[SourceDate "2005.03.12"]

1. e4 e5 2. Nf3 Nf6 3. Nxe5 d6 4. Nf3 Nxe4 5. Qe2 Qe7 6. d3 Nf6 7. Bg5 Nbd7 8.
Nc3 h6 9. Be3 c6 10. O-O-O b5 11. Re1 Ng4 12. Qd2 Ndf6 13. Bxh6 Be6 14. Bg5
O-O-O 15. d4 Qb7 16. d5 Bd7 17. dxc6 Bxc6 18. Nd4 a6 19. Nxc6 Qxc6 20. a3 Ne5
21. Bxf6 gxf6 22. Nd5 Rd7 23. f4 Bh6 24. Re3 Nc4 25. Bxc4 bxc4 26. Nxf6 Bxf4
27. Re8+ Rxe8 28. Qxf4 Qxg2 29. Qxc4+ Kd8 30. Qf1 Qg5+ 31. Kb1 1-0

[Event "MCR_O181"]
[Site "?"]
[Date "2003.??.??"]
[Round "?"]
[White "Brunclik, Vladimir"]
[Black "Hampl, Bohumil"]
[Result "0-1"]
[WhiteElo "1962"]
[BlackElo "1931"]
[PlyCount "48"]
[EventDate "2003.??.??"]
[EventType "corr"]
[EventRounds "2"]
[SourceDate "2005.03.12"]

1. d4 Nf6 2. c4 e5 3. dxe5 Ng4 4. Nf3 Nc6 5. e3 Bb4+ 6. Bd2 Qe7 7. e6 dxe6 8.
h3 Nf6 9. Be2 O-O 10. O-O Bc5 11. a3 a5 12. Nc3 Rd8 13. Qc2 b6 14. Ne4 Nxe4 15.
Qxe4 Bb7 16. Qc2 Rd7 17. Bc3 Rad8 18. Rad1 e5 19. Rxd7 Rxd7 20. Nd2 Nd4 21.
Bxd4 exd4 22. e4 d3 23. Bxd3 Qd6 24. Nb3 Qxd3 0-1

[Event "MCR_O181"]
[Site "?"]
[Date "2003.??.??"]
[Round "?"]
[White "Hampl, Bohumil"]
[Black "Lucan, Zdenko"]
[Result "1-0"]
[WhiteElo "1931"]
[BlackElo "1800"]
[PlyCount "65"]
[EventDate "2003.??.??"]
[EventType "corr"]
[EventRounds "2"]
[SourceDate "2005.03.12"]

1. e4 c5 2. c3 d5 3. exd5 Qxd5 4. d4 e5 5. dxe5 Qxd1+ 6. Kxd1 Nc6 7. Be2 Be6 8.
Bf4 Nge7 9. Nf3 O-O-O+ 10. Nbd2 Ng6 11. Bg3 h5 12. h3 h4 13. Bh2 Bd7 14. Bc4
Be6 15. Bxe6+ fxe6 16. Kc2 Be7 17. Rhd1 b5 18. Ne4 c4 19. Nd6+ Bxd6 20. exd6 e5
21. Rd5 a6 22. Rad1 b4 23. Bxe5 Ngxe5 24. Nxe5 Nxe5 25. Rxe5 Rhf8 26. Rd2 b3+
27. axb3 cxb3+ 28. Kxb3 Rf7 29. c4 Rb7+ 30. Ka4 Rdd7 31. Re8+ Rd8 32. Rxd8+
Kxd8 33. c5 1-0

[Event "MCR_O181"]
[Site "?"]
[Date "2003.??.??"]
[Round "?"]
[White "Lucan, Zdenko"]
[Black "Hampl, Bohumil"]
[Result "0-1"]
[WhiteElo "1800"]
[BlackElo "1931"]
[PlyCount "54"]
[EventDate "2003.??.??"]
[EventType "corr"]
[EventRounds "2"]
[SourceDate "2005.03.12"]

1. d4 Nf6 2. c4 e5 3. d5 Bc5 4. Nc3 d6 5. e3 c6 6. Be2 O-O 7. Bf3 Bf5 8. e4 Bg6
9. Nge2 b5 10. Bg5 bxc4 11. O-O cxd5 12. Nxd5 Nbd7 13. Nec3 Bd4 14. Nxf6+ Nxf6
15. Qd2 Rb8 16. Rab1 h6 17. Bxf6 Qxf6 18. Nd5 Qh4 19. g3 Qd8 20. Nc3 Qa5 21.
Rfd1 f5 22. exf5 Rxf5 23. Bd5+ Kh8 24. Rf1 Rbf8 25. Rbd1 Rxf2 26. Rxf2 Rxf2 27.
Qxf2 Bxf2+ 0-1

[Event "MCR_O181"]
[Site "?"]
[Date "2003.??.??"]
[Round "?"]
[White "Farny, Miroslav"]
[Black "Hampl, Bohumil"]
[Result "1-0"]
[WhiteElo "1800"]
[BlackElo "1931"]
[PlyCount "61"]
[EventDate "2003.??.??"]
[EventType "corr"]
[EventRounds "2"]
[SourceDate "2005.03.12"]

1. d4 Nf6 2. c4 e5 3. dxe5 Ng4 4. Nf3 Nc6 5. Qd5 Bb4+ 6. Nc3 Qe7 7. Bg5 Bxc3+
8. bxc3 Qa3 9. Bd2 Qe7 10. c5 O-O 11. Bg5 Qe6 12. Qxe6 fxe6 13. Bh4 Ngxe5 14.
Nxe5 Nxe5 15. Bg3 Ng4 16. h3 Nf6 17. Bxc7 Ne4 18. f3 Nxc3 19. e4 b6 20. a4 Bb7
21. Ra3 Nxe4 22. fxe4 bxc5 23. e5 Rfc8 24. Bd6 c4 25. Rc3 Bd5 26. Kf2 Rc6 27.
Be2 Rac8 28. a5 Ra6 29. Ra1 Kf7 30. g3 h6 31. Ke3 1-0

[Event "MCR_O181"]
[Site "?"]
[Date "2003.??.??"]
[Round "?"]
[White "Brunclik, Vladimir"]
[Black "Cvak, Rudolf"]
[Result "0-1"]
[WhiteElo "1962"]
[BlackElo "1800"]
[PlyCount "58"]
[EventDate "2003.??.??"]
[EventType "corr"]
[EventRounds "2"]
[SourceDate "2005.03.12"]

1. f4 d5 2. b3 Bg4 3. h3 Bd7 4. Bb2 e6 5. Nf3 Be7 6. g3 Nf6 7. d3 O-O 8. Nbd2
Nh5 9. Rg1 Nxf4 10. e4 Ng6 11. Qe2 a5 12. h4 a4 13. h5 Nh8 14. g4 Bc6 15. Qe3
axb3 16. Nxb3 dxe4 17. dxe4 Bh4+ 18. Nxh4 Qxh4+ 19. Kd1 Rd8+ 20. Kc1 Ra4 21.
Bd3 Na6 22. Bc3 Nb4 23. Kb2 Rxd3 24. cxd3 Qf2+ 25. Qd2 Nxd3+ 26. Kc2 Bxe4 27.
Qxf2 Nxf2+ 28. Kd2 Bd5 29. Nc5 Rc4 0-1

[Event "MCR_O181"]
[Site "?"]
[Date "2003.??.??"]
[Round "?"]
[White "Farny, Miroslav"]
[Black "Brunclik, Vladimir"]
[Result "1-0"]
[WhiteElo "1800"]
[BlackElo "1962"]
[PlyCount "51"]
[EventDate "2003.??.??"]
[EventType "corr"]
[EventRounds "2"]
[SourceDate "2005.03.12"]

1. e4 d6 2. d4 Nf6 3. Nc3 g6 4. Be2 Bg7 5. Nf3 O-O 6. O-O Bg4 7. h3 Bxf3 8.
Bxf3 Nc6 9. Ne2 e5 10. d5 Ne7 11. c4 c5 12. Bg5 Nd7 13. a3 Nb6 14. b3 Qc7 15.
Nc3 a6 16. Qd3 f5 17. Rfe1 f4 18. Bg4 Nec8 19. Be6+ Kh8 20. Qf3 h6 21. Bh4 g5
22. Bxg5 hxg5 23. Qh5+ Bh6 24. Qxh6+ Qh7 25. Qxf8+ Qg8 26. Qxg8# 1-0

[Event "MCR_O181"]
[Site "?"]
[Date "2003.??.??"]
[Round "?"]
[White "Hampl, Bohumil"]
[Black "Farny, Miroslav"]
[Result "1/2-1/2"]
[WhiteElo "1931"]
[BlackElo "1800"]
[PlyCount "56"]
[EventDate "2003.??.??"]
[EventType "corr"]
[EventRounds "2"]
[SourceDate "2005.03.12"]

1. e4 e6 2. d4 d5 3. exd5 exd5 4. c4 Nf6 5. Nf3 Bb4+ 6. Bd2 Bxd2+ 7. Nbxd2 O-O
8. Be2 dxc4 9. Nxc4 Re8 10. O-O Nc6 11. Re1 Bg4 12. Qd3 Rb8 13. Ncd2 a6 14.
Rad1 Qd7 15. Qc3 Nd5 16. Qc4 b5 17. Qc5 Nf4 18. Bf1 Ne6 19. Qc3 Nexd4 20. a3
Rbd8 21. Rc1 Rxe1 22. Rxe1 Bxf3 23. Nxf3 Nxf3+ 24. Qxf3 Nd4 25. Qb7 Qd6 26. h3
Ne6 27. Re3 c5 28. Rf3 Rf8 1/2-1/2

[Event "MCR_O181"]
[Site "?"]
[Date "2003.??.??"]
[Round "?"]
[White "Farny, Miroslav"]
[Black "Cvak, Rudolf"]
[Result "0-1"]
[WhiteElo "1800"]
[BlackElo "1800"]
[PlyCount "72"]
[EventDate "2003.??.??"]
[EventType "corr"]
[EventRounds "2"]
[SourceDate "2005.03.12"]

1. d4 d5 2. Nf3 c6 3. Nc3 Nf6 4. e3 e6 5. a3 c5 6. dxc5 Bxc5 7. Bb5+ Nc6 8. Ne5
Qc7 9. Nxc6 bxc6 10. Be2 O-O 11. Qd3 a5 12. Na4 Ba6 13. Qd1 Bxe2 14. Qxe2 Bd6
15. g3 Rfd8 16. Nc3 e5 17. O-O e4 18. Nd1 Be5 19. c3 Rab8 20. Re1 c5 21. Qf1
Rb3 22. Qg2 Rd7 23. f4 exf3 24. Qxf3 Rd8 25. Nf2 Bd6 26. Rd1 Qb7 27. Ra2 Bc7
28. Kg2 Rd7 29. Rd3 Qc6 30. Rd1 Ne4 31. Nxe4 dxe4 32. Qe2 Rd3 33. Kg1 Qd5 34.
Rxd3 exd3 35. Qd2 c4 36. Qg2 Qh5 0-1

[Event "MCR_O181"]
[Site "?"]
[Date "2003.??.??"]
[Round "?"]
[White "Hampl, Bohumil"]
[Black "Macek, Ludvik"]
[Result "1/2-1/2"]
[WhiteElo "1931"]
[BlackElo "1887"]
[PlyCount "70"]
[EventDate "2003.??.??"]
[EventType "corr"]
[EventRounds "2"]
[SourceDate "2005.03.12"]

1. e4 Nc6 2. d4 e6 3. Nf3 d5 4. e5 Bd7 5. b3 Nge7 6. Bd3 Nf5 7. c3 Be7 8. Qc2
h6 9. O-O b6 10. Bxf5 exf5 11. Re1 O-O 12. Bb2 Be6 13. Nbd2 Qd7 14. Rac1 f4 15.
Rcd1 Bf5 16. Qc1 Bd3 17. Nf1 Qf5 18. Qd2 Be4 19. Qe2 Na5 20. N3d2 Bd3 21. Qf3
Rad8 22. b4 Nc6 23. g4 fxg3 24. fxg3 Qxf3 25. Nxf3 Be4 26. N1d2 Bf5 27. Kg2 a6
28. h3 f6 29. Re3 fxe5 30. dxe5 Rf7 31. Rde1 Be6 32. Nb3 Rdf8 33. g4 d4 34.
Nbxd4 Nxd4 35. cxd4 Bxb4 1/2-1/2

[Event "MCR_O181"]
[Site "?"]
[Date "2003.??.??"]
[Round "?"]
[White "Macek, Ludvik"]
[Black "Hampl, Bohumil"]
[Result "1/2-1/2"]
[WhiteElo "1887"]
[BlackElo "1931"]
[PlyCount "69"]
[EventDate "2003.??.??"]
[EventType "corr"]
[EventRounds "2"]
[SourceDate "2005.03.12"]

1. c4 Nf6 2. Nf3 e6 3. g3 c5 4. Bg2 Nc6 5. Nc3 d5 6. cxd5 exd5 7. d4 Be7 8. Bg5
O-O 9. O-O h6 10. Bxf6 Bxf6 11. Rc1 cxd4 12. Nb5 Qb6 13. a4 a6 14. Nd6 Bg4 15.
Qc2 d3 16. Qxd3 Nb4 17. Nc4 dxc4 18. Qxc4 Be6 19. Qc7 Qxc7 20. Rxc7 b5 21. axb5
axb5 22. Nd2 Ra2 23. Rb7 Rxb2 24. Ne4 Nd5 25. Nxf6+ Nxf6 26. Bf3 Bh3 27. Rd1
Rc8 28. Ra1 Rcc2 29. Rb8+ Kh7 30. Rb7 Bg4 31. Bxg4 Nxg4 32. Rxf7 Ne5 33. Rb7
Rxe2 34. Rf1 Ng4 35. Rf7 1/2-1/2

[Event "MCR_O181"]
[Site "?"]
[Date "2003.??.??"]
[Round "?"]
[White "Hampl, Bohumil"]
[Black "Cvak, Rudolf"]
[Result "1/2-1/2"]
[WhiteElo "1931"]
[BlackElo "1800"]
[PlyCount "54"]
[EventDate "2003.??.??"]
[EventType "corr"]
[EventRounds "2"]
[SourceDate "2005.03.12"]

1. e4 e6 2. d4 d5 3. exd5 exd5 4. c4 Nf6 5. Nf3 Bd6 6. cxd5 O-O 7. Be2 Nxd5 8.
Nc3 c6 9. O-O Re8 10. Re1 Bg4 11. Bg5 Qc7 12. h3 Be6 13. Bc4 Nd7 14. Bb3 h6 15.
Bd2 N7f6 16. Rc1 a6 17. Ne5 Rad8 18. Qf3 Nxc3 19. bxc3 Bd5 20. Bxd5 Nxd5 21. c4
Bxe5 22. dxe5 Ne7 23. Bc3 Ng6 24. Qg3 Qc8 25. Re4 b5 26. f4 c5 27. Qe3 b4
1/2-1/2

[Event "MCR_O181"]
[Site "?"]
[Date "2003.??.??"]
[Round "?"]
[White "Martin, Petr"]
[Black "Brunclik, Vladimir"]
[Result "1-0"]
[WhiteElo "2000"]
[BlackElo "1962"]
[PlyCount "77"]
[EventDate "2003.??.??"]
[EventType "corr"]
[EventRounds "2"]
[SourceDate "2005.03.12"]

1. c4 Nf6 2. Nc3 g6 3. e4 Bg7 4. d4 d6 5. Nf3 O-O 6. Bd3 Bg4 7. h3 Bxf3 8. Qxf3
e5 9. d5 Nbd7 10. Bg5 Nc5 11. Bc2 h6 12. Be3 Ncd7 13. g4 g5 14. Qg3 Ne8 15. Ke2
c6 16. Rh2 Qa5 17. h4 f6 18. dxc6 bxc6 19. Bb3 Nc5 20. Bxc5 Qxc5 21. Rd1 Kh8
22. Na4 Qa5 23. Qf3 Qc7 24. c5 Qe7 25. Qf5 Rd8 26. Qg6 d5 27. exd5 Qf7 28. Qxf7
Rxf7 29. dxc6 Rxd1 30. Kxd1 Re7 31. Bd5 Nc7 32. Nc3 Kh7 33. Be4+ Kg8 34. Nd5
Rf7 35. Nxc7 Rxc7 36. hxg5 hxg5 37. b4 Kf8 38. f3 Kf7 39. Rc2 1-0

[Event "MCR_O181"]
[Site "?"]
[Date "2003.??.??"]
[Round "?"]
[White "Martin, Petr"]
[Black "Cvak, Rudolf"]
[Result "0-1"]
[WhiteElo "2000"]
[BlackElo "1800"]
[PlyCount "92"]
[EventDate "2003.??.??"]
[EventType "corr"]
[EventRounds "2"]
[SourceDate "2005.03.12"]

1. c4 c6 2. Nc3 d5 3. cxd5 cxd5 4. d4 Nf6 5. Bf4 Nc6 6. e3 a6 7. a3 Bf5 8. Bd3
Bxd3 9. Qxd3 e6 10. Nf3 Be7 11. b4 Nh5 12. Bg3 O-O 13. O-O Nxg3 14. hxg3 b5 15.
Rac1 Rc8 16. Na2 Qd7 17. Rc2 Rc7 18. Rfc1 Rfc8 19. Nd2 Qd8 20. Nb3 Bf6 21. Nc5
Nb8 22. Nc3 Rc6 23. Ne2 Be7 24. f4 Bf6 25. g4 R8c7 26. Ng3 Be7 27. Kf2 Kh8 28.
Rh1 Qg8 29. e4 dxe4 30. Ngxe4 Nd7 31. Re2 Nf8 32. f5 Rc8 33. Ng3 Bd6 34. Nh5 e5
35. Ne4 exd4 36. Qxd4 Bc7 37. g5 Bb6 38. Nc5 Rxc5 39. bxc5 Bxc5 40. Qxc5 Rxc5
41. g4 Rc4 42. Re8 Rxg4 43. Rd1 f6 44. Ng3 Rxg5 45. Rdd8 Qa2+ 46. Ke1 g6 0-1

[Event "MCR_O181"]
[Site "?"]
[Date "2003.??.??"]
[Round "?"]
[White "Brunclik, Vladimir"]
[Black "Martin, Petr"]
[Result "1-0"]
[WhiteElo "1962"]
[BlackElo "2000"]
[PlyCount "71"]
[EventDate "2003.??.??"]
[EventType "corr"]
[EventRounds "2"]
[SourceDate "2005.03.12"]

1. e4 e5 2. Nf3 Nc6 3. Bc4 Nd4 4. Nxe5 Qg5 5. Bxf7+ Ke7 6. O-O Qxe5 7. Bxg8
Rxg8 8. c3 Kd8 9. cxd4 Qxe4 10. d3 Qxd4 11. Bg5+ Be7 12. Bxe7+ Kxe7 13. Re1+
Kd8 14. Qe2 Qf6 15. Nc3 Qf7 16. Qe5 d6 17. Qg5+ Qf6 18. Qxf6+ gxf6 19. Nd5 Rf8
20. Re3 c6 21. Nf4 Bd7 22. Rae1 Kc7 23. Re7 Rh8 24. Ne6+ Kc8 25. Ng7 Kd8 26.
Nh5 Re8 27. Rxe8+ Bxe8 28. Nxf6 Bg6 29. f4 Kc7 30. g4 Rf8 31. Re6 Bxd3 32. f5
Bc4 33. Re7+ Kd8 34. Rd7+ Kc8 35. Rxd6 Rf7 36. b3 1-0